| 000 | 00787nam a2200193 u 4500 | ||
|---|---|---|---|
| 001 | 000242533 | ||
| 003 | AM-YeHGA | ||
| 005 | 20250618071624.0 | ||
| 008 | 030702s1950 ai r 000 0 arm d | ||
| 040 | _aAM-YeHGA | ||
| 245 | 1 | 0 |
_aՈրոնումների աշխարհում : _b(Գիտա-ֆանտաստիկ վիպակներ և պատմվածքներ) / _cՎ. Օխոտնիկով; Թարգմ.՝ Հ. Սիրաս. |
| 260 |
_aԵրևան : _bՀայպետհրատ, _c1950. |
||
| 300 |
_a249 էջ ; _c17 սմ. |
||
| 650 | 1 | 4 |
_aՌուս գրականություն _xՎիպակ |
| 650 | 1 | 4 |
_aՌուս գրականություն _xՊատմվածք _94645 |
| 653 | 0 | _aԳիտաֆանտաստիկ | |
| 700 | 1 |
_aՍիրաս, Հմայակ Սահակի, _d1902-1983 _eթարգմ. _4trl _91945 |
|
| 090 | _c87295 | ||
| 999 |
_c86015 _d86015 |
||